Đồn điền của người Pháp ở Bắc Kỳ 1884-1918
v...v
Đã lưu trong:
| Tác giả chính: | |
|---|---|
| Tác giả của công ty: | |
| Định dạng: | Sách |
| Ngôn ngữ: | Vietnamese French |
| Năm xuất bản: |
H.
Thế giới
1996
|
| Chủ đề: | |
| Tags: |
Thêm thẻ
Không có thẻ, Hãy là người đầu tiên gắn thẻ bản ghi này!
|
| LEADER | 01259cam a2200325 a 4500 | ||
|---|---|---|---|
| 001 | 2613032 | ||
| 005 | 20161012155021.0 | ||
| 008 | 970523s1996 vm abf b f000 0 vie | ||
| 040 | |a DLC |c DLC |d DLC | ||
| 041 | 1 | |a vie |h fre | |
| 042 | |a lcode | ||
| 043 | |a a-vt--- | ||
| 050 | 0 | 0 | |a HD1471.V5 |b T3 1996 |
| 082 | |a 959.703 |b T100TH | ||
| 100 | 1 | |a Tạ Thị Thúy | |
| 245 | 1 | 0 | |a Đồn điền của người Pháp ở Bắc Kỳ 1884-1918 |c Tạ Thị Thúy |
| 260 | |a H. |b Thế giới |c 1996 | ||
| 300 | |a 407 tr. |c 21 cm | ||
| 520 | |a v...v | ||
| 650 | 0 | |a Plantations |z Vietnam, Northern. | |
| 653 | |a Lịch sử | ||
| 653 | |a Việt Nam | ||
| 653 | |a Thời Pháp thuộc | ||
| 710 | 2 | |a Viện sử học (Vietnam) | |
| 906 | |a 7 |b cbc |c origode |d 3 |e ncip |f 19 |g y-gencatlg | ||
| 942 | |2 ddc |c STK0 | ||
| 955 | |a wj07; yk06 08-08-97; yk03 09-10-97; yk10 09-19-97 | ||
| 999 | |c 2654 |d 2654 | ||
| 952 | |0 0 |1 0 |2 ddc |4 0 |6 959_703000000000000_T100TH |7 1 |8 900 |9 32793 |a qbu |b qbu |c D5 |d 2014-12-14 |g 40000 |o 959.703 T100TH |p 4250.C1 |r 2015-10-29 |w 2014-12-14 |y STK0 |0 0 |6 959_703000000000000_T100TH | ||
| 952 | |0 0 |1 0 |2 ddc |4 0 |6 959_703000000000000_T100TH |7 0 |8 900 |9 32794 |a qbu |b qbu |c D5 |d 2014-12-14 |g 40000 |o 959.703 T100TH |p 4250.C2 |r 0000-00-00 |w 2014-12-14 |y STK0 |0 0 |6 959_703000000000000_T100TH | ||